Statistics for Countries that use the Dollar

Click here to take the quiz!

General Stats

  • This quiz has been taken 27 times
  • The average score is 25 of 34

Answer Stats

PopulationAnswer% Correct
35940000Canada
100%
23969000Australia
95%
4529000New Zealand
95%
331900000United States of America
95%
92000Antigua and Barbuda
89%
388000Bahamas
89%
1360000Trinidad and Tobago
89%
284000Barbados
84%
73000Dominica
84%
53000Marshall islands
84%
10000Nauru
84%
21000Palau
84%
56000St Kitts and Nevis
84%
109000St Vincent and the Grenadines
84%
892000Fiji
79%
107000Grenada
79%
112000Kiribati
79%
185000St Lucia
79%
9916Tuvalu
79%
2793000Jamaica
74%
584000Solomon Islands
74%
339000Belize
68%
104000Micronesia
68%
16144000Ecuador
63%
1185000East Timor
58%
6127000El Salvador
58%
767000Guyana
58%
5604000Singapore
53%
543000Suriname
53%
4503000Liberia
47%
23402000Taiwan
47%
423000Brunei
42%
15603000Zimbabwe
42%
2459000Namibia
37%

Score Distribution

Percentile by Number Answered

Percent of People with Each Score

Your Score History

You have not taken this quiz